<?xml version="1.0" encoding="UTF-8"?>
<record
    xmlns:xsi="http://www.w3.org/2001/XMLSchema-instance"
    xsi:schemaLocation="http://www.loc.gov/MARC21/slim http://www.loc.gov/standards/marcxml/schema/MARC21slim.xsd"
    xmlns="http://www.loc.gov/MARC21/slim">

  <leader>02217cam a22003251  4500</leader>
  <controlfield tag="001">f  01001925 </controlfield>
  <controlfield tag="003">DLC</controlfield>
  <controlfield tag="005">20260227111241.0</controlfield>
  <controlfield tag="008">770317m18941898fr            000 0 fre  </controlfield>
  <datafield tag="010" ind1=" " ind2=" ">
    <subfield code="a">f  01001925 </subfield>
  </datafield>
  <datafield tag="035" ind1=" " ind2=" ">
    <subfield code="a">(OCoLC)2811889</subfield>
  </datafield>
  <datafield tag="040" ind1=" " ind2=" ">
    <subfield code="a">DLC</subfield>
    <subfield code="c">MNS</subfield>
    <subfield code="d">MNS</subfield>
    <subfield code="d">OCoLC</subfield>
    <subfield code="d">DLC</subfield>
  </datafield>
  <datafield tag="050" ind1="0" ind2="0">
    <subfield code="a">DC194.A2</subfield>
    <subfield code="b">C7f</subfield>
  </datafield>
  <datafield tag="051" ind1=" " ind2=" ">
    <subfield code="a">DC194.A2</subfield>
    <subfield code="b">C7f</subfield>
    <subfield code="c">Index</subfield>
  </datafield>
  <datafield tag="110" ind1="2" ind2=" ">
    <subfield code="a">Commune de Paris (France : 1789-1794)</subfield>
  </datafield>
  <datafield tag="245" ind1="1" ind2="0">
    <subfield code="a">Actes de la Commune de Paris pendant la R&#xE9;volution.</subfield>
    <subfield code="c">Publi&#xE9;s et annot&#xE9;s par Sigismond Lacroix.</subfield>
  </datafield>
  <datafield tag="260" ind1=" " ind2=" ">
    <subfield code="a">Paris,</subfield>
    <subfield code="b">L. Cerf,</subfield>
    <subfield code="c">1894-98.</subfield>
  </datafield>
  <datafield tag="300" ind1=" " ind2=" ">
    <subfield code="a">7 v.</subfield>
    <subfield code="c">25 cm.</subfield>
  </datafield>
  <datafield tag="490" ind1="0" ind2=" ">
    <subfield code="a">Collection de documents relatifs &#xE0; l'histoire de Paris pendant la R&#xE9;volution fran&#xE7;aise. Publi&#xE9;e sous la patronage du Conseil municipal</subfield>
  </datafield>
  <datafield tag="500" ind1=" " ind2=" ">
    <subfield code="a">First series, "p&#xE9;riode de la municipalit&#xE9; provisoire."</subfield>
  </datafield>
  <datafield tag="500" ind1=" " ind2=" ">
    <subfield code="a">Tome 1: Premi&#xE8;re Assembl&#xE9;e des repr&#xE9;sentants de la Commune, 25 juillet-18 sept. 1789.</subfield>
  </datafield>
  <datafield tag="500" ind1=" " ind2=" ">
    <subfield code="a">Tome 2-7: Deuxi&#xE8;me Assembl&#xE9;e des repr&#xE9;sentants de la Commune, Conseil de ville, Bureau de ville, 19 sept. 1789-8 oct 1790.</subfield>
  </datafield>
  <datafield tag="500" ind1=" " ind2=" ">
    <subfield code="a">Each vol. contains also "Tables des journaux et ouvrages cit&#xE9;s," and lists of representatives, or changes in personnel; t. 2, the composition of the Conseil de ville, the Tribunal de police, and the Comit&#xE9; des recherches; t. 7, an Appendice: Attributions des notables-adjoints de la Commune pour la proc&#xE9;dure criminelle; Interdiction des combats de taureaux par le D&#xE9;partement municipal de police; Admission des juifs de Paris aux droits de citoyens actifs; Fondation du Cercle social et de la Confed&#xE9;ration universelle des amis de la v&#xE9;rit&#xE9;; Personnel du Comit&#xE9; militaire de la ville de Paris et des commandants de bataillon de la Garde nationale parisienne.</subfield>
  </datafield>
  <datafield tag="500" ind1=" " ind2=" ">
    <subfield code="a">Supplemented by : Index alphab&#xE9;tique et analytique / Commune de Paris (France : 1789-1794). Published : Paris : L. Cerf, 1899-  Call No. : DC194.A2 C7f Index</subfield>
  </datafield>
  <datafield tag="651" ind1=" " ind2="0">
    <subfield code="a">Paris (France)</subfield>
    <subfield code="x">History</subfield>
    <subfield code="y">1789-1799</subfield>
    <subfield code="x">Sources.</subfield>
  </datafield>
  <datafield tag="651" ind1=" " ind2="0">
    <subfield code="a">Paris (France)</subfield>
    <subfield code="x">Politics and government.</subfield>
  </datafield>
  <datafield tag="651" ind1=" " ind2="0">
    <subfield code="a">France</subfield>
    <subfield code="x">History</subfield>
    <subfield code="y">Revolution, 1789-1799</subfield>
    <subfield code="x">Sources.</subfield>
  </datafield>
  <datafield tag="651" ind1=" " ind2="0">
    <subfield code="a">France</subfield>
    <subfield code="x">Politics and government</subfield>
    <subfield code="y">1789-1799.</subfield>
  </datafield>
  <datafield tag="700" ind1="1" ind2=" ">
    <subfield code="a">Lacroix, Sigismond,</subfield>
    <subfield code="d">1845-1909,</subfield>
    <subfield code="e">ed.</subfield>
  </datafield>
  <datafield tag="999" ind1=" " ind2=" ">
    <subfield code="c">22671</subfield>
    <subfield code="d">22671</subfield>
  </datafield>
</record>
